000 00494nam a2200181Ia 4500
001 21359
005 20260306172913.0
008 260306t2022||||xx |||||||||||||| ||spa||
041 _aESP
082 _a344.528
_bV67
100 _aVillegas Paiva, Elky Alexander
_eAUT
245 0 _aDelitos de corrupción de funcionarios:
_bsu imputación y prueba en el proceso penal
260 _c2022
300 _a414 páginas :
_c25 cm.
650 _aGEN
654 _aCDE
942 _cLIB
_dJUS
_fJUS
_2ddc
_n
999 _c21359
_d21359